|
|
|
|
| LEADER |
01803nam a2200481 a 4500 |
| 001 |
nkc20071717113 |
| 003 |
CZ PrNK |
| 005 |
20070712112621.0 |
| 007 |
ta |
| 008 |
070430s2007 xr e f 000 0 cze |
| 015 |
|
|
|a cnb001717113
|
| 020 |
|
|
|a 978-80-244-1632-8
|q (brož.) :
|c neprodejné
|
| 035 |
|
|
|a (OCoLC)187295996
|
| 040 |
|
|
|a ABA001
|b cze
|
| 072 |
|
7 |
|a 364-1/-7
|x Druhy sociální pomoci a služeb
|2 Konspekt
|9 18
|
| 080 |
|
|
|a 316.344.6-056.26/.3
|2 MRF
|
| 080 |
|
|
|a 331.53
|2 MRF
|
| 080 |
|
|
|a 331.5
|2 MRF
|
| 080 |
|
|
|a 364-786
|2 MRF
|
| 080 |
|
|
|a (035)
|2 MRF
|
| 100 |
1 |
|
|a Krejčířová, Olga,
|d 1949-
|7 ola2002142285
|4 aut
|
| 245 |
1 |
0 |
|a Manuál zaměřený na orientaci v poradenství a v problematice pracovního uplatnění osob se zdravotním postižením /
|c Olga Krejčířová
|
| 250 |
|
|
|a 1. vyd.
|
| 260 |
|
|
|a Olomouc :
|b Univerzita Palackého v Olomouci,
|c 2007
|
| 300 |
|
|
|a 32 s. ;
|c 29 cm
|
| 500 |
|
|
|a Terminologický slovník
|
| 504 |
|
|
|a Obsahuje bibliografii
|
| 650 |
0 |
7 |
|a osoby se zdravotním postižením
|7 ph127575
|2 czenas
|
| 650 |
0 |
7 |
|a profesní uplatnění
|7 ph134653
|2 czenas
|
| 650 |
0 |
7 |
|a trh práce
|7 ph116483
|2 czenas
|
| 650 |
0 |
7 |
|a sociální integrace
|7 ph125789
|2 czenas
|
| 650 |
0 |
9 |
|a people with disabilities
|2 eczenas
|
| 650 |
0 |
9 |
|a employment
|2 eczenas
|
| 650 |
0 |
9 |
|a labor market
|2 eczenas
|
| 650 |
0 |
9 |
|a social integration
|2 eczenas
|
| 655 |
|
7 |
|a příručky
|7 fd133209
|2 czenas
|
| 655 |
|
9 |
|a handbooks and manuals
|2 eczenas
|
| 856 |
4 |
1 |
|u http://www.digitalniknihovna.cz/mzk/uuid/uuid:98ec2ad0-5419-11e8-afec-005056827e51
|y Digitalizovaný dokument
|x NDK
|
| 910 |
2 |
|
|a BOA001
|b 3-1187.853
|
| 990 |
|
|
|a BK
|
| 995 |
|
|
|a 01
|
| 991 |
|
|
|b 200706
|c NOV
|
| 996 |
6 |
|
|b 2610313149
|c 3-1187.853
|l MZK
|r Sklad / do 1 hodiny
|n 29
|p p.v.
|w 000854099
|u 000010
|a 1
|e BOA001
|j MZK50
|s P
|